Ten Cate's oral histology : (Record no. 26849)

MARC details
000 -LEADER
fixed length control field 01750cam a22003615a 4500
001 - CONTROL NUMBER
control field 018567253
005 - DATE AND TIME OF LATEST TRANSACTION
control field 20180923123136.0
008 - FIXED-LENGTH DATA ELEMENTS--GENERAL INFORMATION
fixed length control field 171009t2018 ne a frb 001 0 eng d
015 ## - NATIONAL BIBLIOGRAPHY NUMBER
National bibliography number GBB7J9595
Source bnb
016 7# - NATIONAL BIBLIOGRAPHIC AGENCY CONTROL NUMBER
Record control number 018567253
Source Uk
020 ## - INTERNATIONAL STANDARD BOOK NUMBER
International Standard Book Number 9780323485241 (hbk.)
040 ## - CATALOGING SOURCE
Original cataloging agency StDuBDS
Language of cataloging eng
Transcribing agency StDuBDS
Modifying agency EG-ScBUE
082 04 - DEWEY DECIMAL CLASSIFICATION NUMBER
Classification number 612.31
Item number NAN
Edition number 22
100 1# - MAIN ENTRY--PERSONAL NAME
Personal name Nanci, Antonio.
9 (RLIN) 30163
245 10 - TITLE STATEMENT
Title Ten Cate's oral histology :
Remainder of title development, structure, and function /
Statement of responsibility, etc Antonio Nanci.
246 30 - VARYING FORM OF TITLE
Title proper/short title Oral histology
250 ## - EDITION STATEMENT
Edition statement 9th ed.
260 ## - PUBLICATION, DISTRIBUTION, ETC. (IMPRINT)
Place of publication, distribution, etc Missouri :
Name of publisher, distributor, etc Elsevier,
Date of publication, distribution, etc c.2018.
300 ## - PHYSICAL DESCRIPTION
Extent vi, 344 p. :
Other physical details ill. (black and white, and col.) ;
Dimensions 29 cm.
500 ## - GENERAL NOTE
General note Previous ed.: 2013.
504 ## - BIBLIOGRAPHY, ETC. NOTE
Bibliography, etc Includes bibliographical references and index.
520 ## - SUMMARY, ETC.
Summary, etc Understand oral histology and learn to apply your knowledge in the clinical setting with this definitive reference. Now in full color and thoroughly updated, this 8th Edition provides insight on contemporary research and trends in oral histology, embryology, physiology, oral biology, postnatal growth and development that is essential to your success in oral health! NEW! Full color format showcases vivid photomicrographs and line drawings to enhance your understanding of key oral histology learning. NEW! Chapter on facial growth and development broadens your oral histology knowledge base.
650 #7 - SUBJECT ADDED ENTRY--TOPICAL TERM
Topical term or geographic name as entry element Mouth
General subdivision Histology.
Source of heading or term BUEsh
9 (RLIN) 30165
650 #7 - SUBJECT ADDED ENTRY--TOPICAL TERM
Topical term or geographic name as entry element Teeth
General subdivision Histology
Source of heading or term BUEsh
9 (RLIN) 30164
650 #7 - SUBJECT ADDED ENTRY--TOPICAL TERM
Topical term or geographic name as entry element Mouth
General subdivision Anatomy.
Source of heading or term BUEsh
650 #7 - SUBJECT ADDED ENTRY--TOPICAL TERM
Topical term or geographic name as entry element Teeth
General subdivision Anatomy.
Source of heading or term BUEsh
651 ## - SUBJECT ADDED ENTRY--GEOGRAPHIC NAME
Source of heading or term BUEsh
653 ## - INDEX TERM--UNCONTROLLED
Resource For college
Arrived date list September2018
655 ## - INDEX TERM--GENRE/FORM
Form subdivision Text book
700 1# - ADDED ENTRY--PERSONAL NAME
Personal name Ten Cate, A. R.
Fuller form of name (Arnold Richard).
Title of a work Oral histology.
9 (RLIN) 30166
856 40 - ELECTRONIC LOCATION AND ACCESS
Uniform Resource Identifier <a href="Evolve.elsevier.com">Evolve.elsevier.com</a>
942 ## - ADDED ENTRY ELEMENTS (KOHA)
Source of classification or shelving scheme Dewey Decimal Classification
Holdings
Withdrawn status Item status Source of classification or shelving scheme Damaged status Not for loan Vendor Home library Current library Shelving location Date acquired Source of acquisition Cost, normal purchase price Total Checkouts Full call number Barcode Date last seen Koha item type Total Renewals Date last borrowed
    Dewey Decimal Classification     Baccah Central Library Central Library First floor 23/09/2018 Purchase 1450.00   612.31 NAN 000043586 15/07/2025 NB - Book (Non borrowing)    
    Dewey Decimal Classification     Baccah Central Library Central Library First floor 23/09/2018 Purchase     612.31 NAN 000043587 15/07/2025 NB - Book (Non borrowing)    
    Dewey Decimal Classification     Baccah Central Library Central Library First floor 23/09/2018 Purchase   1 612.31 NAN 000043588 15/07/2025 Book - Borrowing 8 06/06/2021
    Dewey Decimal Classification     Baccah Central Library Central Library First floor 23/09/2018 Purchase     612.31 NAN 000043589 15/07/2025 Book - Borrowing    
    Dewey Decimal Classification     Baccah Central Library Central Library First floor 23/09/2018 Purchase     612.31 NAN 000043590 15/07/2025 Book - Borrowing